|
|
|
|
| LEADER |
00000nab a2200000 a 4500 |
| 001 |
vtls009142265 |
| 003 |
SK-MaSNL |
| 005 |
20260426085947.0 |
| 008 |
250507c2007 xo mr|p|||||||000 b|slo |
| 015 |
|
|
|a SNBRB2007/09
|2 snkbucl
|
| 035 |
|
|
|a (uuid)d3797218-401d-4b35-976b-ee51886ccad0
|
| 035 |
|
|
|a urn:nbn:sk:snk-ab242i
|
| 035 |
|
|
|a (urnnbn)urn:nbn:sk:snk:ar-a01kna
|
| 038 |
|
|
|a SNKBUCL
|
| 040 |
|
|
|a SNKBUCL
|b slo
|c SNKBUCL
|e AACR2
|
| 041 |
0 |
|
|a slo
|
| 044 |
|
|
|a xo
|c SK
|
| 080 |
|
|
|a 339.738
|x (4:437.6)
|2 2001
|
| 080 |
|
|
|a 336.744
|x (4:437.6)
|2 2001
|
| 100 |
1 |
|
|a Lalinský, Tibor,
|d 1976-
|4 aut
|9 179271
|
| 245 |
1 |
0 |
|a Konvergencia, synchronizácia cyklov a symetria šokov
|c Tibor Lalinský, Martin Šuster, Juraj Zeman
|
| 300 |
|
|
|b Grafy, tab.
|
| 500 |
|
|
|a Pozn. za čiarou
|
| 504 |
|
|
|a Bibliogr. odkazy
|
| 610 |
2 |
7 |
|a Európska únia
|2 SNKKA
|9 29861
|
| 650 |
0 |
7 |
|a menová integrácia
|2 snkbucl
|9 73346
|
| 650 |
0 |
7 |
|a jednotná európska mena
|2 snkbucl
|9 28024
|
| 650 |
0 |
7 |
|a ekonomické šoky
|2 snkbucl
|9 1422721
|
| 650 |
0 |
7 |
|a maastrichtské kritériá
|2 SNKPH
|9 1319386
|
| 651 |
|
7 |
|a Slovensko
|2 snkbucl
|9 14231
|
| 700 |
1 |
|
|a Šuster, Martin,
|d 1975-
|4 aut
|9 216277
|
| 700 |
1 |
|
|a Zeman, Juraj,
|d 1957-
|4 aut
|9 7310
|
| 773 |
0 |
|
|t Biatec
|g Roč. 15, č. 7 (2007), s. 2-9
|x 1335-0900
|
| 850 |
|
|
|a Slovenská národná knižnica
|
| 852 |
|
|
|a Slovenská národná knižnica
|
| 954 |
|
|
|a odborná, vedecká literatúra pôvodná (slovenská)
|2 lita
|
| 958 |
|
|
|a article2022
|
| 958 |
|
|
|a NB
|
| 958 |
|
|
|a SK
|
| 958 |
|
|
|a OND
|
| 958 |
|
|
|a EUIPO
|
| 999 |
|
|
|c 2976921
|d 2978851
|